| 000 | 00907na a2200301 4500 | ||
|---|---|---|---|
| 001 | 14584 | ||
| 003 | MIRAKIL | ||
| 005 | 20181213154809.0 | ||
| 008 | 161025b tu 000 0 | ||
| 020 | _a97586055738037 | ||
| 035 | _a14584 | ||
| 040 |
_aMilas _btur _cTR-AnCHP |
||
| 041 | _atur | ||
| 082 |
_a304.8 _bG34m 2009 |
||
| 090 | _a304.8 G34m 2009 | ||
| 100 | _aGelekçi, Cahit | ||
| 245 |
_aMisafir işçilikten etnik azınlığa Belçika'daki Türkler _cCahit Gelekçi, Ali Köse |
||
| 260 |
_aAnkara _bPhoenix Yayınevi _c2009 |
||
| 300 |
_a304 s. _btbl. _c20 sm. |
||
| 490 |
_aPhoenix Yayınevi _v192 |
||
| 504 | _aKaynakça var | ||
| 650 |
_aAzınlıklar _xSosyo ekonomik koşullar _zBelçika |
||
| 650 |
_aTürk göçmen işgücü _zBelçika |
||
| 650 |
_aGöç, Uluslararası _xSosyal koşullar _zBelçika |
||
| 650 |
_aTürkler _zBelçika |
||
| 700 | _aKöse, Ali | ||
| 942 |
_2dcc _cBKS |
||
| 999 |
_c1029 _d1029 |
||